Рассказы и сказки: для младшего школьного возраста

Detalles Bibliográficos
Autor Principal: Мамин-Сибиряк Д. Н. Дмитрий Наркисович
Outros autores: Кремянская Н. И. (составитель), Годин И. (иллюстратор)
Idioma:ruso
Publicado: Москва, Детская литература, 1979
Edición:3-е изд.
Subjects:
Formato: MixedMaterials Libro
KOHA link:https://koha.lib.tpu.ru/cgi-bin/koha/opac-detail.pl?biblionumber=144901

MARC

LEADER 00000nam0a2200000 4500
001 144901
005 20231101221126.0
035 |a (RuTPU)RU\TPU\book\157053 
090 |a 144901 
100 |a 20081009d1979 c y0rusy50 ca 
101 0 |a rus 
102 |a RU 
105 |a a z 000ay 
200 1 |a Рассказы и сказки  |e для младшего школьного возраста 
205 |a 3-е изд. 
210 |a Москва  |c Детская литература  |d 1979 
215 |a 175 с.  |c ил. 
610 1 |a детская литература 
610 1 |a сказки 
610 1 |a рассказы 
675 |a Р1  |v 3 
700 1 |a Мамин-Сибиряк  |b Д. Н.  |c российский писатель  |f 1852-1912  |g Дмитрий Наркисович  |2 stltpush  |3 (RuTPU)RU\TPU\pers\15315  |9 5271 
702 1 |a Кремянская  |b Н. И.  |4 220 
702 1 |a Годин   |b И.  |4 440 
801 1 |a RU  |b 63413507  |c 20081009  |g PSBO 
801 2 |a RU  |b 63413507  |c 20101217  |g RCR 
942 |c BK